| 000 | 00780aasaa2200217 4500 | ||
|---|---|---|---|
| 999 |
_c17044 _d17044 |
||
| 005 | 20180803170120.0 | ||
| 008 | 180713s1985 ck au|p|r|||| 00| 0 spa d | ||
| 022 | _a0120-7717 | ||
| 040 |
_aCO-BoIAVH _cCO-BoIAVH |
||
| 041 | 0 | _aspa | |
| 044 | _ack | ||
| 090 | _aSE | ||
| 245 | 0 | 0 | _aPerez Arbelaezia |
| 260 |
_aBogotá (Colombia) : _bJardín Botánico de Bogotá José Celestino Mutis, _c1985-. |
||
| 300 |
_bilustraciones (algunas a color)|, mapas y gráficas _c24 cm. |
||
| 504 | _aIncluye referencias bibliográficas. | ||
| 650 | 2 | 6 |
_aBotánica _zBogotá (Colombia) _vPublicaciones periódicas |
| 650 | 2 | 6 |
_aFlora _zBogotá (Colombia) _vPublicaciones periódicas |
| 710 | 2 | _aJardín Botánico de Bogotá José Celestino Mutis | |
| 942 |
_cREVISTA _2z _s1 |
||